000 00257nam a2200121 i 4500
001 bg
245 0 _aKvantovaja elektronika. Nr 3.
260 _aMoskva,
_c1971.
040 _cBPK
041 _apol
942 _cKS
008 s pl f |000 0 pol
999 _c7308
_d7308
856 _uhttp://koha.tu.koszalin.pl/cgi-bin/koha/opac-detail.pl?biblionumber=7308
_yKatalog online BPK